<?xml version="1.0" encoding="UTF-8"?><?xml-stylesheet type="text/xsl" href="static/style.xsl"?><OAI-PMH xmlns="http://www.openarchives.org/OAI/2.0/" xmlns:xsi="http://www.w3.org/2001/XMLSchema-instance" xsi:schemaLocation="http://www.openarchives.org/OAI/2.0/ http://www.openarchives.org/OAI/2.0/OAI-PMH.xsd"><responseDate>2026-04-17T07:41:47Z</responseDate><request verb="GetRecord" identifier="oai:www.recercat.cat:10256/18516" metadataPrefix="marc">https://recercat.cat/oai/request</request><GetRecord><record><header><identifier>oai:recercat.cat:10256/18516</identifier><datestamp>2024-06-18T11:13:04Z</datestamp><setSpec>com_2072_452955</setSpec><setSpec>com_2072_2054</setSpec><setSpec>col_2072_452964</setSpec></header><metadata><record xmlns="http://www.loc.gov/MARC21/slim" xmlns:dcterms="http://purl.org/dc/terms/" xmlns:xsi="http://www.w3.org/2001/XMLSchema-instance" xmlns:doc="http://www.lyncode.com/xoai" xsi:schemaLocation="http://www.loc.gov/MARC21/slim http://www.loc.gov/standards/marcxml/schema/MARC21slim.xsd">
   <leader>00925njm 22002777a 4500</leader>
   <datafield ind2=" " ind1=" " tag="042">
      <subfield code="a">dc</subfield>
   </datafield>
   <datafield ind2=" " ind1=" " tag="720">
      <subfield code="a">López i Casasnovas, Guillem</subfield>
      <subfield code="e">author</subfield>
   </datafield>
   <datafield ind2=" " ind1=" " tag="720">
      <subfield code="a">Sáez Zafra, Marc</subfield>
      <subfield code="e">author</subfield>
   </datafield>
   <datafield ind2=" " ind1=" " tag="260">
      <subfield code="c">2020-09-25</subfield>
   </datafield>
   <datafield ind2=" " ind1=" " tag="520">
      <subfield code="a">We evaluate the association between the variations in income and wealth, (both aggregate and split between real estate and financial wealth), and self-perceived health in Spain using a longitudinal sample of individuals before and after the financial crisis. We estimated generalized linear mixed models, with a binomial response and a logistic link, for four waves of the Spanish Survey of Household Finances (two before and two after the crisis), adjusting for variables at the family and individual levels. We also controlled for familial and individual heterogeneity and for temporal trends. While an increase in wealth greatly increases the probability of younger individuals reporting better health, this is not the case for older individuals. Decreases in gross wealth are associated with decreases in the probability of declaring good/very good health only in families whose reference person is over 44 years old. We conclude that: (i) not just income but net wealth effects impact on the consequences of income fluctuations on consumption and health assessed, (ii) the composition of individuals’ net wealth may also matter, since they are differently affected by the shocks in the economic crisis, (iii) age plays a significant role and, finally, (iv) individual reactions in terms of consumption and savings, given any level of income and wealth, according to the risk aversions for precautionary idiosyncratic motives, may also need to be considered in order to complete the picture.</subfield>
   </datafield>
   <datafield ind2=" " ind1=" " tag="520">
      <subfield code="a">This work was partly funded by the project ‘ECO2017-88609-R’ of the European Regional Development Fund (FEDER) and the project ‘ECO2012-47496’ of the Agencia Estatal de Investigación (AEI) and by an unrestricted grant from Obra Social ‘La Caixa</subfield>
   </datafield>
   <datafield ind1="8" ind2=" " tag="024">
      <subfield code="a">http://hdl.handle.net/10256/18516</subfield>
   </datafield>
   <datafield tag="653" ind2=" " ind1=" ">
      <subfield code="a">Recessions econòmiques</subfield>
   </datafield>
   <datafield tag="653" ind2=" " ind1=" ">
      <subfield code="a">Recessions</subfield>
   </datafield>
   <datafield tag="653" ind2=" " ind1=" ">
      <subfield code="a">Salut</subfield>
   </datafield>
   <datafield tag="653" ind2=" " ind1=" ">
      <subfield code="a">Health</subfield>
   </datafield>
   <datafield tag="653" ind2=" " ind1=" ">
      <subfield code="a">Riquesa</subfield>
   </datafield>
   <datafield tag="653" ind2=" " ind1=" ">
      <subfield code="a">Wealth</subfield>
   </datafield>
   <datafield tag="653" ind2=" " ind1=" ">
      <subfield code="a">Crisi financera global, 2007-2009 -- Aspectes sanitaris</subfield>
   </datafield>
   <datafield tag="653" ind2=" " ind1=" ">
      <subfield code="a">Global Financial Crisis, 2008-2009 -- Health aspects</subfield>
   </datafield>
   <datafield ind2="0" ind1="0" tag="245">
      <subfield code="a">Saved by wealth? Income, wealth, and self-perceived health in Spain during the financial crisis</subfield>
   </datafield>
</record></metadata></record></GetRecord></OAI-PMH>